00731nam a2200193Ia 4500003000900000008004100009040001600050080001400066110003300080245017400113260005000287300001600337650001900353650003200372650002000404942000700424999001500431952009100446IN-BaIIA211028s9999 xx 000 0 eng d cIIA Library a83.7bISI aIndian Standards Institution 0aExplanatory Handbook on Indian Standard Code of PLractice for Plain and Reinforced Concrete : Is : 456-1978cIndian Standards Institution  aNew DelhibIndian Standards Institutionc1984 axviii, 64p. aNASA Thesaurus aReinforced Concretes914815 aStandards98876 cBK c8808d8808 00104070aBANbBANcGENd1986-09-11l0o083.7/ ISIp9686r2021-11-05w1986-09-11yBK